Empirical investigation of pricing performance of initial public offerings (IPOs): evidence from Pakistan/ (Record no. 331285)
[ view plain ]
| 000 -LEADER | |
|---|---|
| fixed length control field | 00667nam a22001937a 4500 |
| 003 - CONTROL NUMBER IDENTIFIER | |
| control field | NUST |
| 005 - DATE AND TIME OF LATEST TRANSACTION | |
| control field | 20250723154634.0 |
| 008 - FIXED-LENGTH DATA ELEMENTS--GENERAL INFORMATION | |
| fixed length control field | 170922b xxu||||| |||| 00| 0 eng d |
| 040 ## - CATALOGING SOURCE | |
| Transcribing agency | NUST |
| 082 ## - DEWEY DECIMAL CLASSIFICATION NUMBER | |
| Classification number | 200 |
| 100 ## - MAIN ENTRY--PERSONAL NAME | |
| Personal name | Mumtaz,Muhammad Zubair |
| 9 (RLIN) | 4896 |
| 245 ## - TITLE STATEMENT | |
| Title | Empirical investigation of pricing performance of initial public offerings (IPOs): evidence from Pakistan/ |
| Statement of responsibility, etc. | Muhammad Zubair Mumtaz |
| 260 ## - PUBLICATION, DISTRIBUTION, ETC. | |
| Place of publication, distribution, etc. | Islamabad |
| Date of publication, distribution, etc. | 2015 |
| Name of publisher, distributor, etc. | NBS NUST |
| 300 ## - PHYSICAL DESCRIPTION | |
| Extent | 161p, |
| 655 ## - INDEX TERM--GENRE/FORM | |
| General subdivision | PhD-Management and Human Resource |
| 9 (RLIN) | 130093 |
| 700 ## - ADDED ENTRY--PERSONAL NAME | |
| Personal name | Supervisor :Dr. Ather Maqsood Ahmed, |
| 9 (RLIN) | 124809 |
| 856 ## - ELECTRONIC LOCATION AND ACCESS | |
| Uniform Resource Identifier | <a href=" http://10.250.8.41:8080/xmlui/handle/123456789/26318"> http://10.250.8.41:8080/xmlui/handle/123456789/26318</a> |
| 942 ## - ADDED ENTRY ELEMENTS (KOHA) | |
| Source of classification or shelving scheme | |
| Koha item type | Soft Copy |
| Withdrawn status | Lost status | Source of classification or shelving scheme | Damaged status | Not for loan | Collection code | Permanent Location | Current Location | Shelving location | Date acquired | Total Checkouts | Full call number | Barcode | Date last seen | Price effective from | Koha item type |
|---|---|---|---|---|---|---|---|---|---|---|---|---|---|---|---|
| Central Library (CL) | Central Library (CL) | Thesis | 09/22/2017 | 330 ZUB | S3H-T-268 | 09/22/2017 | 09/22/2017 | Thesis |
